| 000 | 00359 a2200157 4500 | ||
|---|---|---|---|
| 001 | 46846 | ||
| 020 | _a978578481353 | ||
| 040 | _cAnchieta - Aquarius | ||
| 100 | _aMarques, João Luiz | ||
| 240 | 1 | 0 |
_a=Os meninos da biblioteca _lpor |
| 245 | 1 | 0 | _a=Os meninos da biblioteca |
| 300 | _a | ||
| 362 | 0 | _a2015 | |
| 650 | 4 | _aLiteratura brasileira | |
| 942 | _cBK | ||
| 999 |
_c46846 _d46846 |
||